Rediseño de los procesos de planificación y administración de inventarios del CEDI Metropolitano de la empresa Cargill
Guardat en:
| Autor principal: | |
|---|---|
| Altres autors: | , , |
| Format: | Llibre |
| Idioma: | Spanish |
| Publicat: |
[San José, Costa Rica]
2019
|
| Matèries: | |
| Etiquetes: |
Afegir etiqueta
Sense etiquetes, Sigues el primer a etiquetar aquest registre!
|
MARC
| LEADER | 00000nam a2200000Ia 4500 | ||
|---|---|---|---|
| 003 | 013774 | ||
| 005 | 20240307133723.0 | ||
| 008 | 240307b2019 cr a|||| |||| 00| ||spa d | ||
| 040 | |c cru CEDI | ||
| 100 | |a Guerrero Lozano, Javier, 1980- |9 2519 | ||
| 245 | |a Rediseño de los procesos de planificación y administración de inventarios del CEDI Metropolitano de la empresa Cargill | ||
| 260 | |a [San José, Costa Rica] |c 2019 | ||
| 500 | |a Proyecto de graduación (licenciatura en ingeniería industrial)--Universidad de Costa Rica. Facultad de Ingeniería. Escuela de Ingeniería Industrial | ||
| 501 | |a Directora de Proyecto de Graduación: Dra. Carla Fernández Corrales | ||
| 650 | |x GESTION EMPRESARIAL |x PLANIFICACION ESTRATEGICA |x PLANIFICACION EMPRESARIAL |x CONTROL DE INVENTARIOS - PLANIFICACION |x INVENTARIOS - ADMINISTRACION | ||
| 700 | |a Vargas González, Miguel |9 2520 | ||
| 700 | |a Zoch Gutiérrez, Ricardo, 1990- |9 2521 | ||
| 700 | |a Fernández Corrales, Carla Beatriz, 1980- |d Directora del TFG |9 2503 | ||
| 942 | |c TFG |h TFG 8915 |i 013774 |6 TFG_8915_013774000000000 | ||
| 999 | |c 12697 |d 12697 | ||
